[Event "Coupe 2000 - Finale"]
[Site "Aurec"]
[Date "2002.06.16"]
[Round "4"]
[White "Soyez, Cyril"]
[Black "Budima, Muharem"]
[Result "1-0"]
[WhiteElo "2070"]
[BlackElo "2080"]
[PlyCount "63"]

1. c4 e5 2. g3 f5 3. Bg2 Nc6 4. e3 Nf6 5. Ne2 Be7 6. O-O O-O 7. Nbc3 a6 8. b3
b6 9. Bb2 Bb7 10. d4 d6 11. Qc2 Qc8 12. a3 Rb8 13. d5 Nd8 14. e4 fxe4 15. Nxe4
Nf7 16. f4 Ng4 17. Qc3 c6 18. dxc6 Bxc6 19. fxe5 Ngxe5 20. Nd4 Bd7 21. Rad1 Bh3
22. Bxh3 Qxh3 23. Nf5 Bf6 24. Nxf6+ gxf6 25. Qd2 Rbd8 26. Qf4 Rde8 27. Ne3 Re6
28. Nd5 Ng5 29. Bxe5 dxe5 30. Nxf6+ Rexf6 31. Qxg5+ Rg6 32. Qxe5 1-0

[Event "Coupe 2000 - Finale"]
[Site "Aurec"]
[Date "2002.06.16"]
[Round "4"]
[White "Vincent, Bernard"]
[Black "Feller, Sebastien"]
[Result "1-0"]
[WhiteElo "1850"]
[BlackElo "2080"]
[PlyCount "71"]

1. d4 Nf6 2. Nc3 e6 3. Bg5 d5 4. e4 Bb4 5. e5 h6 6. Bd2 Bxc3 7. bxc3 Ne4 8. Qg4
g6 9. Bd3 Nxd2 10. Kxd2 Qe7 11. Nf3 c5 12. Bb5+ Bd7 13. Bxd7+ Nxd7 14. Rhb1 Nb6
15. a4 cxd4 16. Qxd4 Nc4+ 17. Ke1 Qc7 18. Rb3 O-O 19. Qf4 Kg7 20. Qf6+ Kh7 21.
g4 Na5 22. Rba3 Qc4 23. Nd4 Qc7 24. h4 Nc4 25. Rb3 Nxe5 26. Nb5 Qb8 27. Qe7
Nf3+ 28. Ke2 Qf4 29. Rb4 d4 30. Qxb7 Nxh4 31. Rxd4 Qe5+ 32. Re4 Qf6 33. Re3
Rad8 34. Qe4 Rd5 35. f4 a6 36. Nd4 1-0

[Event "Coupe 2000 - Finale"]
[Site "Aurec"]
[Date "2002.06.16"]
[Round "4"]
[White "Kononov, Alexander"]
[Black "Garon, Pierre"]
[Result "1-0"]
[WhiteElo "2240"]
[BlackElo "2010"]
[PlyCount "74"]

1. d4 d5 2. c4 c6 3. Nc3 Nf6 4. Bg5 e6 5. e3 Be7 6. Nf3 Nbd7 7. Rc1 O-O 8. Bd3
dxc4 9. Bxc4 Nd5 10. Bxe7 Qxe7 11. O-O N5b6 12. Bd3 e5 13. Qc2 h6 14. a4 exd4
15. Nxd4 Nf6 16. a5 Nbd5 17. Nxd5 Nxd5 18. Qc5 Qxc5 19. Rxc5 a6 20. Be4 Nf6 21.
Bf3 Bg4 22. Bxg4 Nxg4 23. e4 Rad8 24. Nb3 Rfe8 25. f3 Ne5 26. Rc2 Kf8 27. Nc5
Re7 28. h3 Ke8 29. Rc3 Rc8 30. Rd1 Rcc7 31. Kf2 Nd7 32. Rcd3 f6 33. Nb3 Ne5 34.
Rd8+ Kf7 35. Nc5 Ng6 36. g3 Nf8 37. Rb8 Ne6 1-0

[Event "Coupe 2000 - Finale"]
[Site "Aurec"]
[Date "2002.06.16"]
[Round "4"]
[White "Valla, Nicolas"]
[Black "Perrin, Marc"]
[Result "1/2-1/2"]
[WhiteElo "1990"]
[BlackElo "2096"]
[PlyCount "84"]

1. e4 d5 2. exd5 Nf6 3. d4 Bg4 4. Be2 Bxe2 5. Nxe2 Qxd5 6. O-O Nc6 7. c4 Qxc4
8. b3 Qd5 9. Nbc3 Qh5 10. Be3 e6 11. Qd3 Bd6 12. h3 O-O 13. a3 Rad8 14. Nb5 Nd5
15. Nxd6 Rxd6 16. Ng3 Qg6 17. Qxg6 hxg6 18. Ne4 Rdd8 19. Rfc1 Na5 20. Rab1 b6
21. b4 Nb7 22. Nc3 Nxc3 23. Rxc3 Rd7 24. Rbc1 Rc8 25. Bf4 Rxd4 26. Rxc7 Rxc7
27. Rxc7 a5 28. Rxb7 Rxf4 29. Rb8+ Kh7 30. Rxb6 axb4 31. Rxb4 Rf5 32. a4 Ra5
33. Kf1 g5 34. Ke2 Kg6 35. Kd3 e5 36. g4 f6 37. Kc3 Kf7 38. Rc4 Ra7 39. Kb4 Ke6
40. Rc5 Kd6 41. a5 Rb7+ 42. Kc4 Rb2 1/2-1/2

[Event "Coupe 2000 - Finale"]
[Site "Aurec"]
[Date "2002.06.16"]
[Round "4"]
[White "Forget, Cyril"]
[Black "Bellon, Yves"]
[Result "1-0"]
[WhiteElo "1940"]
[BlackElo "1950"]
[PlyCount "59"]

1. e4 c5 2. Nf3 d6 3. d4 cxd4 4. Nxd4 Nf6 5. Nc3 g6 6. Be3 Bg7 7. f3 O-O 8. Qd2
Nc6 9. Bc4 Bd7 10. h4 Qb8 11. h5 Nxh5 12. g4 Nf6 13. Bh6 Nxd4 14. Qxd4 Bxh6 15.
Rxh6 Rc8 16. O-O-O Rc5 17. Rdh1 Qc7 18. Nd5 Rxd5 19. Bxd5 Rc8 20. Qd2 e5 21.
Bb3 Be6 22. Kb1 Rd8 23. Qg5 Bxb3 24. axb3 Kg7 25. R6h2 Rh8 26. Qh6+ Kg8 27. Rd1
Qe7 28. Rd3 Ne8 29. Rhd2 f6 30. f4 1-0

[Event "Coupe 2000 - Finale"]
[Site "Aurec"]
[Date "2002.06.16"]
[Round "4"]
[White "Verdelli, Maximilien"]
[Black "Groz, Jacky"]
[Result "1/2-1/2"]
[WhiteElo "1830"]
[BlackElo "2050"]
[PlyCount "49"]

1. d4 d5 2. Nf3 Nf6 3. c4 e6 4. Nc3 Be7 5. Bg5 h6 6. Bh4 O-O 7. e3 b6 8. cxd5
Nxd5 9. Bxe7 Nxe7 10. b4 Bb7 11. Be2 a5 12. a3 Nbc6 13. b5 Na7 14. O-O Ng6 15.
Qb3 Nc8 16. Rfc1 Nce7 17. Na4 Rc8 18. Rc2 Bd5 19. Qb2 Be4 20. Rd2 Nf5 21. Nc3
Bb7 22. Rad1 Nfh4 23. d5 e5 24. Ne4 f5 25. Ng3 1/2-1/2

[Event "Coupe 2000 - Finale"]
[Site "Aurec"]
[Date "2002.06.16"]
[Round "4"]
[White "Neto, Jeremy"]
[Black "Perrichon, Jim"]
[Result "1-0"]
[WhiteElo "2240"]
[BlackElo "2140"]
[PlyCount "48"]

1. e4 c6 2. d3 d5 3. Nd2 e5 4. g3 Bd6 5. Bg2 Nf6 6. Ne2 O-O 7. O-O dxe4 8. dxe4
Be6 9. h3 h5 10. f4 exf4 11. Nxf4 Nbd7 12. Nb3 Bxb3 13. axb3 Bc5+ 14. Kh1 Qc7
15. Nxh5 Nxh5 16. Qxh5 Qe5 17. Qh4 Be7 18. Qf4 Bf6 19. Qxe5 Bxe5 20. Kh2 a6 21.
Rb1 Rad8 22. Bf4 f6 23. Rfd1 Nc5 24. b4 Ne6 1-0

[Event "Coupe 2000 - Finale"]
[Site "Aurec"]
[Date "2002.06.16"]
[Round "4"]
[White "Miannay, Michel"]
[Black "Lacour, Marc"]
[Result "0-1"]
[WhiteElo "1790"]
[BlackElo "1870"]
[PlyCount "56"]

1. e4 Nf6 2. e5 Nd5 3. d4 d6 4. f4 Bf5 5. a3 g6 6. c4 Nb6 7. Nc3 dxe5 8. fxe5
Nc6 9. Be3 Bg7 10. b4 Qd7 11. b5 Na5 12. c5 Nd5 13. Bd2 Nxc3 14. Bxc3 b6 15.
Qa4 Qd5 16. Bxa5 bxa5 17. Nf3 O-O 18. Be2 Qe4 19. Kf2 Bh6 20. Rhe1 Be3+ 21. Kf1
Qf4 22. Red1 Be4 23. Qb3 Rad8 24. g3 Qh6 25. Kg2 Bxd4 26. e6 f6 27. Qc4 Bxf3+
28. Bxf3 Bxa1 0-1

[Event "Coupe 2000 - Finale"]
[Site "Aurec"]
[Date "2002.06.16"]
[Round "4"]
[White "Grauffel, Mathieu"]
[Black "Fozzani, Emmanuel"]
[Result "0-1"]
[WhiteElo "1700"]
[BlackElo "1870"]
[PlyCount "98"]

1. e4 c5 2. c3 g6 3. d4 Qc7 4. Nf3 Bg7 5. g3 d6 6. Bg2 Nf6 7. Qe2 cxd4 8. Nxd4
Nc6 9. O-O O-O 10. Be3 Ng4 11. Nd2 Nxe3 12. Qxe3 a6 13. Kh1 Rb8 14. f4 Bd7 15.
a4 b5 16. axb5 axb5 17. Ra2 Qb6 18. Nc2 Be6 19. Qxb6 Rxb6 20. Raa1 b4 21. f5
Bd7 22. Nc4 Rbb8 23. Rf3 bxc3 24. bxc3 Rb3 25. Ra3 Rxa3 26. N2xa3 Rb8 27. g4
Rb3 28. Nc2 Rb1+ 29. Bf1 Rc1 30. Nb6 Ne5 31. Rf2 Bc6 32. Nd5 Bxd5 33. exd5 Nxg4
34. Rf4 Nxh2 35. Kxh2 Be5 36. Bd3 Bxf4+ 37. Kg2 g5 38. Kf3 h5 39. Kg2 g4 40.
Be4 Kg7 41. Bd3 h4 42. f6+ Kxf6 43. Nd4 h3+ 44. Kf2 h2 45. Be4 h1=Q 46. Bxh1
Rxh1 47. Ne2 Rh2+ 48. Kf1 Rxe2 49. Kxe2 e5 0-1

[Event "Coupe 2000 - Finale"]
[Site "Aurec"]
[Date "2002.06.16"]
[Round "4"]
[White "Viossat, Cyrille"]
[Black "Baran, Pascal"]
[Result "0-1"]
[WhiteElo "1960"]
[BlackElo "1810"]
[PlyCount "74"]

1. Nf3 Nf6 2. g3 g6 3. Bg2 Bg7 4. O-O d5 5. d3 O-O 6. Nbd2 Nbd7 7. e4 dxe4 8.
dxe4 e5 9. c3 Ne8 10. b4 a5 11. Bb2 Nd6 12. Qc2 c5 13. bxc5 Nxc5 14. c4 Re8 15.
Ba3 b6 16. Rfd1 Qc7 17. Ne1 Bb7 18. f3 Bc6 19. Nb3 Ndb7 20. Nxc5 Nxc5 21. Bxc5
bxc5 22. Rab1 Rab8 23. Rxb8 Rxb8 24. Qc3 Rd8 25. Nd3 Bh6 26. Kf2 Qb6 27. Bf1
Ba4 28. Re1 Bc6 29. Qb3 Qc7 30. Rb1 Bf8 31. Qb6 Qd6 32. Qxa5 Qd4+ 33. Kg2 Qxc4
34. Rc1 Qd4 35. Qc3 Qe3 36. Nxe5 Rd2+ 37. Kh3 Qh6+ 0-1

[Event "Coupe 2000 - Finale"]
[Site "Aurec"]
[Date "2002.06.16"]
[Round "4"]
[White "Roussiere, Christophe"]
[Black "Le Corre, Benjamin"]
[Result "1/2-1/2"]
[WhiteElo "2050"]
[BlackElo "2090"]
[PlyCount "75"]

1. e4 e6 2. d4 d5 3. Nc3 Nf6 4. Bg5 dxe4 5. Nxe4 Be7 6. Bxf6 Bxf6 7. Nf3 Nd7 8.
Bd3 O-O 9. O-O Be7 10. Ne5 Nf6 11. Ng5 h6 12. Ngf3 b6 13. Nc6 Qd6 14. Nxe7+
Qxe7 15. Re1 Bb7 16. Qe2 Qb4 17. c3 Qa5 18. Ne5 Rac8 19. f4 Rfe8 20. a3 Re7 21.
b4 Qd5 22. Bc4 Qd6 23. Rad1 Nd5 24. Qf3 Ba8 25. Qg3 c5 26. dxc5 bxc5 27. b5 Qb8
28. f5 exf5 29. Bxd5 Bxd5 30. Rxd5 Rce8 31. Kf2 f4 32. Qxf4 f6 33. Qc4 fxe5 34.
Rd8+ Rf7+ 35. Qxf7+ Kxf7 36. Rxb8 Rxb8 37. a4 Ke6 38. Rd1 1/2-1/2

[Event "Coupe 2000 - Finale"]
[Site "Aurec"]
[Date "2002.06.16"]
[Round "4"]
[White "Stankovic, Serge"]
[Black "Gacogne, Charlie"]
[Result "0-1"]
[WhiteElo "2089"]
[BlackElo "1950"]
[PlyCount "36"]

1. e4 c5 2. d4 cxd4 3. c3 d3 4. Bxd3 g6 5. Nf3 Bg7 6. Be3 Nf6 7. O-O Nc6 8. Nd4
O-O 9. f4 d5 10. e5 Ng4 11. Bc1 Qb6 12. Bc2 f6 13. h3 fxe5 14. fxe5 Rxf1+ 15.
Kxf1 Ngxe5 16. Bb3 Nc4 17. Nf3 Qc5 18. Nbd2 Ne3+ 0-1

[Event "Coupe 2000 - Finale"]
[Site "Aurec"]
[Date "2002.06.16"]
[Round "4"]
[White "Litolff, Paul"]
[Black "Le Goff, Francois-Xavier"]
[Result "0-1"]
[WhiteElo "1920"]
[BlackElo "1910"]
[PlyCount "105"]

1. c4 c5 2. Nc3 Nf6 3. g3 d5 4. cxd5 Nxd5 5. Bg2 Nc7 6. Nf3 Nc6 7. O-O e5 8. d3
Be7 9. Be3 O-O 10. Qd2 f6 11. Rfd1 Be6 12. Rac1 Qd7 13. b3 Rac8 14. Qb2 b6 15.
Nd2 Nd4 16. Nf3 Rfd8 17. Ne1 b5 18. f3 b4 19. Na4 Nd5 20. Bf2 Nb6 21. Nxb6 axb6
22. e3 Nb5 23. Nc2 Nc3 24. Rd2 Qb5 25. Bf1 Qa5 26. Ra1 Qa8 27. e4 Nb5 28. Ne3
Nd4 29. Kg2 Rc7 30. Nc2 Nb5 31. d4 Nxd4 32. Ne3 Ra7 33. Nd5 Qc6 34. Rc1 Qe8 35.
Nxb6 Kh8 36. Na4 Rc8 37. Nb6 Rb8 38. Na4 Qf8 39. g4 Bd7 40. Bc4 Bxa4 41. bxa4
Rxa4 42. Bxd4 cxd4 43. Bb3 Ra7 44. Qc2 Qd8 45. Qd3 Rc7 46. Rdc2 Rbc8 47. Rc4
Qd6 48. Kf1 h6 49. Ke2 Rc5 50. R1c2 Qb6 51. Kd2 R8c6 52. Ke2 Qc7 53. Rc1 0-1

[Event "Coupe 2000 - Finale"]
[Site "Aurec"]
[Date "2002.06.16"]
[Round "4"]
[White "Berthiaud, Patrick"]
[Black "Pacchioni, Fabien"]
[Result "1-0"]
[WhiteElo "1640"]
[BlackElo "1830"]
[PlyCount "68"]

1. c4 e5 2. Nc3 Bc5 3. Nf3 d6 4. g3 a6 5. Bg2 Nf6 6. O-O O-O 7. e3 h6 8. a3 a5
9. Qc2 Nc6 10. b3 Bg4 11. h3 Bh5 12. Bb2 Bg6 13. d3 Re8 14. Rfd1 Qd7 15. Kh2 e4
16. dxe4 Nxe4 17. Nxe4 Bxe4 18. Qe2 Qf5 19. Nh4 Qh7 20. Bxe4 Rxe4 21. b4 Bb6
22. b5 Ne7 23. Bd4 Bxd4 24. Rxd4 g5 25. Nf3 Re8 26. Qd3 f5 27. Nd2 Re6 28. Rd1
Qf7 29. Nf3 Ng6 30. Rd5 Ne7 31. Rd4 Rg6 32. Qc2 Qf6 33. c5 d5 34. Kg2 c6 1-0

[Event "Coupe 2000 - Finale"]
[Site "Aurec"]
[Date "2002.06.16"]
[Round "4"]
[White "Troubat, Michael"]
[Black "Rauzieres, William"]
[Result "1/2-1/2"]
[WhiteElo "1890"]
[BlackElo "2020"]
[PlyCount "62"]

1. e4 c5 2. Nf3 d6 3. d3 Nc6 4. g3 g6 5. Bg2 Bg7 6. O-O e6 7. c3 Nge7 8. Be3
Bd7 9. Na3 O-O 10. Re1 Rc8 11. d4 cxd4 12. Nxd4 Nxd4 13. Bxd4 Rc6 14. Bxg7 Kxg7
15. Qd4+ e5 16. Qxa7 Qc8 17. Qe3 Bh3 18. Red1 Bxg2 19. Kxg2 f5 20. Nb5 Qe6 21.
Rd2 f4 22. Qd3 f3+ 23. Kg1 Qh3 24. Qf1 Qe6 25. Rad1 Nc8 26. b3 g5 27. h3 Rf6
28. c4 Rh6 29. Kh2 b6 30. Nc3 Ne7 31. Nb5 Nc8 1/2-1/2

[Event "Coupe 2000 - Finale"]
[Site "Aurec"]
[Date "2002.06.16"]
[Round "4"]
[White "Campo, Alain"]
[Black "Baas, Laurent"]
[Result "0-1"]
[WhiteElo "1820"]
[BlackElo "1930"]
[PlyCount "76"]

1. e4 c5 2. Nf3 Nc6 3. d4 cxd4 4. Nxd4 g6 5. Nc3 Bg7 6. Be3 Nf6 7. Be2 O-O 8.
Qd2 d5 9. exd5 Nxd5 10. Nxd5 Qxd5 11. Bf3 Qa5 12. Qxa5 Nxa5 13. O-O-O e5 14.
Nb5 Bf5 15. Nd6 Be6 16. Nxb7 Nc4 17. Bc5 Rfc8 18. Nd6 Rxc5 19. Bxa8 Bh6+ 20.
Kb1 Nd2+ 21. Rxd2 Bxd2 22. Rd1 Bh6 23. Nb7 Rd5 24. Rd3 Rxd3 25. cxd3 Bd5 26.
Kc2 Bxg2 27. Kc3 Kf8 28. Kb4 Bd5 29. a3 Bd2+ 30. Kc5 Bf3 31. d4 exd4 32. Kxd4
Bc1 33. a4 Bxb2+ 34. Kc5 Ke7 35. Kb5 Bd4 36. Na5 Bxa8 37. Nc6+ Bxc6+ 38. Kxc6
Bxf2 0-1

[Event "Coupe 2000 - Finale"]
[Site "Aurec"]
[Date "2002.06.16"]
[Round "4"]
[White "Troubat, Nicolas"]
[Black "Razafison, Ulrich"]
[Result "0-1"]
[WhiteElo "1800"]
[BlackElo "1499"]
[PlyCount "62"]

1. e4 c5 2. c3 e6 3. d4 cxd4 4. cxd4 d6 5. Nc3 Nf6 6. Nf3 Be7 7. Bc4 a6 8. Bb3
b5 9. Qd3 Bb7 10. d5 e5 11. Bg5 Nbd7 12. Bxf6 Bxf6 13. Bc2 Nc5 14. Qe3 b4 15.
Na4 Nd7 16. O-O O-O 17. Rfc1 a5 18. b3 Ba6 19. Bd3 Bxd3 20. Qxd3 Nb6 21. Nxb6
Qxb6 22. Rc6 Qb8 23. Rac1 Bd8 24. Qc4 Bb6 25. Qb5 Bxf2+ 26. Kxf2 Qxb5 27. Rxd6
Qd3 28. Re1 Rac8 29. Rc6 Rxc6 30. dxc6 Qc2+ 31. Re2 Qxc6 0-1

[Event "Coupe 2000 - Finale"]
[Site "Aurec"]
[Date "2002.06.16"]
[Round "4"]
[White "Valjan, Berislav"]
[Black "Foulon, Thibaut"]
[Result "1-0"]
[WhiteElo "1730"]
[BlackElo "1900"]
[PlyCount "89"]

1. d4 Nf6 2. c4 e6 3. Nc3 d5 4. c5 Nc6 5. Bf4 g6 6. Nf3 Bg7 7. e3 O-O 8. a3 a5
9. Bd3 Bd7 10. h3 Nh5 11. Bh2 f5 12. Ne2 Kh8 13. Bb5 Ne5 14. Bxd7 Nxd7 15. Rc1
c6 16. Nf4 Nxf4 17. Bxf4 Re8 18. O-O e5 19. dxe5 Nxe5 20. Bxe5 Bxe5 21. Nxe5
Rxe5 22. Qd4 Qf6 23. Rc3 Kg7 24. Rd1 Re4 25. Qxf6+ Kxf6 26. Rb3 Ra7 27. Rd4 Re7
28. Rb6 Ke6 29. Ra4 Kd7 30. b4 Re4 31. Rxa5 Rxa5 32. bxa5 Kc7 33. Rb4 Rc4 34.
Rxc4 dxc4 35. Kf1 Kd7 36. Ke2 Ke6 37. Kd2 Kd5 38. Kc3 Kxc5 39. a4 g5 40. f3 h6
41. g3 h5 42. e4 g4 43. hxg4 f4 44. gxf4 h4 45. f5 1-0

[Event "Coupe 2000 - Finale"]
[Site "Aurec"]
[Date "2002.06.16"]
[Round "4"]
[White "Gomard, Alexandre"]
[Black "Parnet, Arnaud"]
[Result "1-0"]
[WhiteElo "1840"]
[BlackElo "1910"]
[PlyCount "69"]

1. d4 Nf6 2. c4 e6 3. a3 b6 4. Nc3 Bb7 5. Bf4 Be7 6. e3 O-O 7. Nf3 d5 8. Ne5 a6
9. Be2 dxc4 10. Bxc4 Nbd7 11. O-O Nxe5 12. Bxe5 Bd6 13. Qe2 Qe7 14. Rac1 Rfd8
15. f4 c5 16. Bxd6 Qxd6 17. Rfd1 b5 18. dxc5 Qxc5 19. Ba2 Qb6 20. Kf1 Rac8 21.
Rxd8+ Rxd8 22. Rd1 g6 23. Kf2 Rxd1 24. Qxd1 Qc6 25. Qf1 Ng4+ 26. Ke1 Nxe3 27.
Qd3 Nxg2+ 28. Kf2 Qc5+ 29. Kg3 Qe7 30. Ne4 Nh4 31. Bb1 Nf5+ 32. Kg2 Qh4 33. Qd2
Qg4+ 34. Kf2 Qh4+ 35. Kg1 1-0

[Event "Coupe 2000 - Finale"]
[Site "Aurec"]
[Date "2002.06.16"]
[Round "4"]
[White "Dieudonne, Christian"]
[Black "Chabas, Jean-Luc"]
[Result "1-0"]
[WhiteElo "2010"]
[BlackElo "1710"]
[PlyCount "63"]

1. d4 d5 2. c4 c6 3. Nc3 e6 4. Nf3 Nf6 5. e3 Be7 6. Bd3 Nbd7 7. O-O O-O 8. Bd2
dxc4 9. Bxc4 b5 10. Bd3 Bb7 11. a3 a6 12. b4 Nd5 13. Ne4 h6 14. Rc1 Re8 15. Bb1
Bf8 16. Qc2 N5f6 17. Nxf6+ Nxf6 18. e4 e5 19. dxe5 Nd7 20. Bc3 Qc7 21. Rfd1
Rad8 22. Rd2 c5 23. Rcd1 c4 24. h3 Re7 25. Nh4 Ree8 26. f4 Nb6 27. Bd4 Be7 28.
Nf5 Bf8 29. Qc3 Na4 30. Qg3 Bc8 31. Nd6 Bxd6 32. exd6 1-0

[Event "Coupe 2000 - Finale"]
[Site "Aurec"]
[Date "2002.06.16"]
[Round "4"]
[White "Valet, Godeffroy"]
[Black "Poirot, Eric"]
[Result "1-0"]
[WhiteElo "1630"]
[BlackElo "1980"]
[PlyCount "113"]

1. e4 c5 2. Nc3 Nc6 3. Nf3 g6 4. d3 Bg7 5. g3 e6 6. Bg2 Nge7 7. O-O O-O 8. Be3
Nd4 9. Ne2 e5 10. c3 Nxf3+ 11. Bxf3 d6 12. Bg2 Bg4 13. f3 Be6 14. Qd2 Qc7 15.
Bh6 d5 16. Bxg7 Kxg7 17. h4 f5 18. h5 f4 19. g4 Rad8 20. Qe1 dxe4 21. dxe4 g5
22. b3 Rd6 23. Rd1 Rfd8 24. Rxd6 Qxd6 25. c4 Qd2 26. Qxd2 Rxd2 27. Nc3 Nc6 28.
Rf2 Rd3 29. Na4 b6 30. Nb2 Rc3 31. Nd1 Rc1 32. Rd2 Nd4 33. Kf2 Rc2 34. Rxc2
Nxc2 35. Ke2 Nd4+ 36. Kd3 Kf6 37. Nc3 Ke7 38. Nb1 b5 39. Nd2 b4 40. Bf1 a5 41.
Be2 Bd7 42. Bd1 Kd6 43. Bc2 h6 44. Bd1 Be6 45. Bc2 Nxf3 46. Nxf3 Bxg4 47. Nxg5
Bxh5 48. Nh3 Bg4 49. Nf2 h5 50. Bd1 Bxd1 51. Nxd1 Ke7 52. Ke2 Kf6 53. Kf3 Kg5
54. Nf2 Kh4 55. Nd3 Kh3 56. Nxe5 h4 57. Ng6 1-0

[Event "Coupe 2000 - Finale"]
[Site "Aurec"]
[Date "2002.06.16"]
[Round "4"]
[White "Devaux, Frederic"]
[Black "Le Basnier, Yoann"]
[Result "1-0"]
[WhiteElo "1770"]
[BlackElo "1630"]
[PlyCount "37"]

1. e4 d6 2. d4 Nf6 3. Nc3 g6 4. f4 Bg7 5. Nf3 O-O 6. Be2 c6 7. h3 b5 8. a3 Nh5
9. Kf2 Nd7 10. Be3 e5 11. dxe5 dxe5 12. fxe5 Nxe5 13. Qxd8 Rxd8 14. Rad1 Nxf3
15. Rxd8+ Bf8 16. Bxf3 Nf6 17. Rdd1 Bb7 18. e5 Ne8 19. Nxb5 1-0

[Event "Coupe 2000 - Finale"]
[Site "Aurec"]
[Date "2002.06.16"]
[Round "4"]
[White "Thorel, Gregoire"]
[Black "Mialon, Franck"]
[Result "1-0"]
[WhiteElo "1720"]
[BlackElo "1280"]
[PlyCount "39"]

1. e4 e5 2. Nf3 Nc6 3. Bc4 Nd4 4. Nxd4 exd4 5. d3 Be7 6. Nd2 Nf6 7. e5 d5 8.
exf6 Bxf6 9. Bb3 b5 10. a4 O-O 11. O-O Qd6 12. Nf3 Bg4 13. h3 Bxf3 14. Qxf3
Rfe8 15. Bf4 Be5 16. Bxe5 Rxe5 17. Rfe1 Rae8 18. Rxe5 Rxe5 19. Qg4 Qb4 20. Qc8+
1-0

[Event "Coupe 2000 - Finale"]
[Site "Aurec"]
[Date "2002.06.16"]
[Round "5"]
[White "Graillon, David"]
[Black "Kononov, Alexandre"]
[Result "0-1"]
[WhiteElo "1970"]
[BlackElo "2240"]
[PlyCount "62"]

1. d4 d5 2. Nf3 e6 3. c4 c5 4. cxd5 exd5 5. e3 Nc6 6. Be2 Nf6 7. O-O Bd6 8. Nc3
O-O 9. Nb5 Be7 10. dxc5 Bxc5 11. b3 a6 12. Nbd4 Nxd4 13. Nxd4 Ne4 14. Bb2 Bd6
15. Bg4 Qh4 16. h3 Bxg4 17. Qxg4 Qxg4 18. hxg4 g6 19. Nf3 Rac8 20. Rac1 f6 21.
Rfd1 Rxc1 22. Rxc1 Kf7 23. Bd4 Ke6 24. Bb2 Rd8 25. Kf1 Nc5 26. Ke2 Nd7 27. g5
f5 28. Nd4+ Kf7 29. f4 Re8 30. Kf2 Nc5 31. Rd1 Rc8 0-1

[Event "Coupe 2000 - Finale"]
[Site "Aurec"]
[Date "2002.06.16"]
[Round "5"]
[White "Perrin, Marc"]
[Black "Testard, Philippe"]
[Result "0-1"]
[WhiteElo "2096"]
[BlackElo "1960"]
[PlyCount "83"]

1. f4 Nf6 2. b3 d5 3. Bb2 e6 4. Nf3 c5 5. e3 Nc6 6. Be2 Be7 7. O-O Qc7 8. Ne5
Bd7 9. d4 cxd4 10. Nxc6 Qxc6 11. exd4 Rc8 12. c4 O-O 13. c5 b6 14. b4 bxc5 15.
bxc5 Rb8 16. Bc1 Ne4 17. a4 Bf6 18. Be3 Nxc5 19. Bb5 Qb7 20. Bxd7 Nxd7 21. Nd2
Qb4 22. Nf3 Rfc8 23. Ne5 Nf8 24. Rf3 Qb3 25. Qf1 Qb2 26. Nd3 Qb3 27. Ne5 Rc2
28. Bc1 Qb6 29. Be3 Qb2 30. Rf2 Rxf2 31. Bxf2 Rb3 32. g3 g6 33. Nd3 Qd2 34. Rd1
Qa5 35. Nc5 Rb2 36. Kh1 Kg7 37. Be1 Qb6 38. Bc3 Rc2 39. Rb1 Qc6 40. Qd3 Rf2 41.
Kg1 Ra2 42. Rd1 0-1

[Event "Coupe 2000 - Finale"]
[Site "Aurec"]
[Date "2002.06.16"]
[Round "5"]
[White "Celette, Robert"]
[Black "Forget, Cyril"]
[Result "1/2-1/2"]
[WhiteElo "1990"]
[BlackElo "1940"]
[PlyCount "25"]

1. c4 Nf6 2. Nc3 c5 3. g3 e6 4. Bg2 d5 5. cxd5 exd5 6. d3 Nc6 7. Bg5 Be6 8. Nh3
Be7 9. Nf4 d4 10. Nxe6 fxe6 11. Bxf6 Bxf6 12. Bxc6+ bxc6 13. Ne4 1/2-1/2

[Event "Coupe 2000 - Finale"]
[Site "Aurec"]
[Date "2002.06.16"]
[Round "5"]
[White "Groz, Jacky"]
[Black "Chomier, Frederic"]
[Result "0-1"]
[WhiteElo "2050"]
[BlackElo "2020"]
[PlyCount "60"]

1. e4 c5 2. c3 d5 3. exd5 Qxd5 4. d4 Nc6 5. Nf3 e6 6. Be2 Nf6 7. Be3 Ng4 8. Bf4
cxd4 9. cxd4 Bb4+ 10. Nc3 Qa5 11. Qb3 O-O 12. h3 Nf6 13. O-O Rd8 14. Nb5 Nd5
15. Bg5 f6 16. Bh4 a6 17. Na3 Bxa3 18. bxa3 Nf4 19. Bd1 Nxd4 20. Nxd4 Rxd4 21.
Bg3 Qd5 22. Qxd5 Nxd5 23. Bb3 Bd7 24. Rfe1 Rc8 25. Re2 Kf7 26. Rae1 Re8 27. f3
Bb5 28. Rc2 Re7 29. Bf2 Rd3 30. Rc8 Rc3 0-1

[Event "Coupe 2000 - Finale"]
[Site "Aurec"]
[Date "2002.06.16"]
[Round "5"]
[White "Garon, Pierre"]
[Black "Simon, Leopold"]
[Result "0-1"]
[WhiteElo "2010"]
[BlackElo "2010"]
[PlyCount "98"]

1. c4 e6 2. d4 d5 3. Nc3 Nf6 4. Bg5 Be7 5. e3 c6 6. Nf3 O-O 7. Qc2 h6 8. h4
dxc4 9. Bxc4 Nd5 10. Qe4 Nd7 11. Bxe7 Nxe7 12. O-O-O Qa5 13. Ne5 Nf6 14. Qc2
Ned5 15. Kb1 Nxc3+ 16. bxc3 Nd5 17. Rc1 Qc7 18. e4 Nf6 19. g4 Nd7 20. Nd3 b5
21. Bb3 c5 22. dxc5 Nxc5 23. Nxc5 Qxc5 24. Qd2 Bb7 25. Qe2 a5 26. Rhd1 a4 27.
Bc2 Qxc3 28. Bd3 Qb4+ 29. Ka1 Qd4+ 30. Kb1 Rfc8 31. f3 b4 32. Rxc8+ Rxc8 33.
Bb5 Qf6 34. Bxa4 Qxh4 35. Qd2 Qe7 36. Qb2 Qc5 37. Rc1 Qd6 38. Rxc8+ Bxc8 39.
Bc2 Ba6 40. Qb3 Qd2 41. Qa4 Bd3 42. Qb3 Qd1+ 43. Kb2 Bxc2 44. Qxc2 Qxf3 45. Qc6
Qa3+ 46. Kb1 b3 47. axb3 Qxb3+ 48. Kc1 Qf3 49. e5 Qxc6+ 0-1

[Event "Coupe 2000 - Finale"]
[Site "Aurec"]
[Date "2002.06.16"]
[Round "5"]
[White "Budima, Muharem"]
[Black "Valla, Nicolas"]
[Result "1-0"]
[WhiteElo "2080"]
[BlackElo "1990"]
[PlyCount "91"]

1. d4 Nf6 2. c4 c5 3. d5 b5 4. cxb5 a6 5. b6 Qxb6 6. Nc3 d6 7. e4 g6 8. Bd3 Bg7
9. h3 O-O 10. Nge2 Nbd7 11. Na4 Qa7 12. Bf4 Nb6 13. Nac3 Nfd7 14. O-O Ne5 15.
Bxe5 Bxe5 16. Kh1 Nd7 17. f4 Bg7 18. Rb1 Rb8 19. b3 Bb7 20. Qc2 Rfc8 21. Nd1 a5
22. Ne3 Ba6 23. Nc4 Nb6 24. Ng1 Nxc4 25. bxc4 Rc7 26. Nf3 Rcb7 27. e5 Rb6 28.
Rb3 Rxb3 29. axb3 Qb6 30. Rb1 Qb4 31. Qe2 Qc3 32. exd6 exd6 33. Ng5 Qf6 34. Qe4
h6 35. Nf3 Kf8 36. Re1 Rd8 37. g4 Bc8 38. g5 hxg5 39. fxg5 Qc3 40. Qe7+ Kg8 41.
Qxd8+ Kh7 42. Qxc8 Qxd3 43. Qg4 Qxb3 44. Re8 Qd1+ 45. Ng1 Qxg4 46. hxg4 1-0

[Event "Coupe 2000 - Finale"]
[Site "Aurec"]
[Date "2002.06.16"]
[Round "5"]
[White "Bellon, Yves"]
[Black "Vincent, Bernard"]
[Result "1/2-1/2"]
[WhiteElo "1950"]
[BlackElo "1850"]
[PlyCount "98"]

1. c4 e5 2. Nc3 Nf6 3. e4 d6 4. g3 c6 5. Bg2 Be6 6. d3 Be7 7. Nf3 h6 8. O-O Qc8
9. b4 O-O 10. Ba3 Re8 11. Qd2 Nbd7 12. Nh4 Nh7 13. Nf5 Bxf5 14. exf5 Ndf6 15.
f4 Qxf5 16. fxe5 Qxe5 17. Rae1 Qd4+ 18. Kh1 Ng4 19. Re4 Bg5 20. Rxd4 Bxd2 21.
Rxg4 Bxc3 22. b5 c5 23. Bxb7 Rab8 24. Bc6 Re2 25. Bc1 Nf6 26. Rgf4 Bd4 27. a3
Rc8 28. Bf3 Re5 29. Bd2 Rce8 30. a4 Be3 31. Bxe3 Rxe3 32. Be4 Re2 33. a5 Re7
34. a6 Nxe4 35. dxe4 Rc2 36. Ra1 Rb2 37. Rd1 Re6 38. Rf3 Rxe4 39. Rfd3 Rxc4 40.
Rxd6 Rxb5 41. Rd8+ Kh7 42. R8d7 Rd4 43. R1xd4 cxd4 44. Rxa7 Ra5 45. Rd7 Rxa6
46. Rxd4 g5 47. Kg2 Kg6 48. Kf3 h5 49. h3 Re6 1/2-1/2

[Event "Coupe 2000 - Finale"]
[Site "Aurec"]
[Date "2002.06.16"]
[Round "5"]
[White "Simon, Christian"]
[Black "Verdelli, Maximilien"]
[Result "1-0"]
[WhiteElo "1880"]
[BlackElo "1830"]
[PlyCount "60"]

1. e4 c5 2. Nf3 d6 3. d4 cxd4 4. Nxd4 Nf6 5. Nc3 a6 6. Be2 e5 7. Nb3 Be6 8. O-O
Nbd7 9. Be3 Be7 10. Kh1 O-O 11. f4 Rc8 12. Bf3 Qc7 13. f5 Bc4 14. Rf2 b5 15. a3
Bxb3 16. cxb3 Nb6 17. g4 Rfd8 18. g5 Nfd7 19. h4 Qc6 20. Rc1 Qb7 21. Rfc2 Nc5
22. Nd5 Nxd5 23. exd5 Qd7 24. b4 Nb7 25. Bg4 f6 26. Rc6 a5 27. g6 Re8 28. h5
Ra8 29. Be2 axb4 30. axb4 Ra2 1-0